| 000 | 00401cam a22001337a 4500 | ||
|---|---|---|---|
| 008 | 180718b1951 xxu||||| |||| 00| 0 eng d | ||
| 082 | _aG93x42 F914 | ||
| 100 | _aFriedmann, W. | ||
| 245 |
_aLaw and social change in contemporary Britain _cby W. Friedmann |
||
| 260 |
_aLondon _bStevens _c1951 |
||
| 300 | _a322p | ||
| 650 | _aGreat Britain --Social conditions | ||
| 650 | _aLaw --Great Britain --History | ||
| 999 |
_c427285 _d427285 |
||